<?xml version="1.0" encoding="UTF-8"?>
<record
    xmlns:xsi="http://www.w3.org/2001/XMLSchema-instance"
    xsi:schemaLocation="http://www.loc.gov/MARC21/slim http://www.loc.gov/standards/marcxml/schema/MARC21slim.xsd"
    xmlns="http://www.loc.gov/MARC21/slim">

  <leader>00725nam a22002657a 4500</leader>
  <controlfield tag="008">240821b        mp ||||| |||| 00| 0 mon d</controlfield>
  <datafield tag="020" ind1=" " ind2=" ">
    <subfield code="a">99929-0-230-2</subfield>
  </datafield>
  <datafield tag="035" ind1=" " ind2=" ">
    <subfield code="a">3318</subfield>
  </datafield>
  <datafield tag="040" ind1=" " ind2=" ">
    <subfield code="a">DXO45059</subfield>
    <subfield code="b">mon</subfield>
    <subfield code="c">MN-UlNLM</subfield>
    <subfield code="d">MN-UlNLM</subfield>
    <subfield code="e">rda</subfield>
  </datafield>
  <datafield tag="041" ind1=" " ind2=" ">
    <subfield code="a">mon</subfield>
  </datafield>
  <datafield tag="082" ind1=" " ind2=" ">
    <subfield code="2">10-t</subfield>
    <subfield code="a">894.23</subfield>
    <subfield code="b">&#x423;.486</subfield>
  </datafield>
  <datafield tag="100" ind1=" " ind2=" ">
    <subfield code="a">&#x423;&#x440;&#x438;&#x430;&#x43D;&#x445;&#x430;&#x439; &#x414;.</subfield>
  </datafield>
  <datafield tag="245" ind1=" " ind2="0">
    <subfield code="a">&#x4E8;&#x432;&#x433;&#x4E9;&#x43D; &#x4AF;&#x433;</subfield>
  </datafield>
  <datafield tag="245" ind1=" " ind2="0">
    <subfield code="b">0</subfield>
  </datafield>
  <datafield tag="245" ind1=" " ind2="0">
    <subfield code="c">0</subfield>
  </datafield>
  <datafield tag="264" ind1=" " ind2=" ">
    <subfield code="a">&#x423;&#x411;</subfield>
    <subfield code="b">&#x41C;&#x43E;&#x43D;&#x441;&#x443;&#x434;&#x430;&#x440; &#x445;&#x44D;&#x432;&#x43B;&#x44D;&#x43B;&#x438;&#x439;&#x43D; &#x433;&#x430;&#x437;&#x430;&#x440;</subfield>
  </datafield>
  <datafield tag="300" ind1=" " ind2=" ">
    <subfield code="a">197&#x445;.</subfield>
  </datafield>
  <datafield tag="336" ind1=" " ind2=" ">
    <subfield code="2">rdacontent</subfield>
    <subfield code="a">text</subfield>
    <subfield code="b">txt</subfield>
  </datafield>
  <datafield tag="337" ind1=" " ind2=" ">
    <subfield code="2">rdamedia</subfield>
    <subfield code="a">unmediated</subfield>
    <subfield code="b">n</subfield>
  </datafield>
  <datafield tag="338" ind1=" " ind2=" ">
    <subfield code="2">rdacarrier</subfield>
    <subfield code="a">volume</subfield>
    <subfield code="b">nc</subfield>
  </datafield>
  <datafield tag="505" ind1=" " ind2=" ">
    <subfield code="t">&#x4E9;&#x432;&#x433;&#x4E9;&#x43D; &#x4AF;&#x433;; 0; 0; 0; 0</subfield>
  </datafield>
  <datafield tag="650" ind1=" " ind2=" ">
    <subfield code="a">&#x4AF;&#x43D;&#x434;&#x441;&#x44D;&#x43D; &#x444;&#x43E;&#x43D;&#x434;</subfield>
  </datafield>
  <datafield tag="942" ind1=" " ind2=" ">
    <subfield code="2">10-t</subfield>
    <subfield code="c">BK</subfield>
  </datafield>
  <datafield tag="952" ind1=" " ind2=" ">
    <subfield code="0">0</subfield>
    <subfield code="1">0</subfield>
    <subfield code="4">0</subfield>
    <subfield code="6">89423_&#x423;486</subfield>
    <subfield code="7">0</subfield>
    <subfield code="8">DXO452</subfield>
    <subfield code="a">DXO45059</subfield>
    <subfield code="b">DXO45059</subfield>
    <subfield code="c">DXO452</subfield>
    <subfield code="d">2024-08-21</subfield>
    <subfield code="g">3400.00</subfield>
    <subfield code="l">0</subfield>
    <subfield code="o">894.23 &#x423;.486</subfield>
    <subfield code="p">DXO451002333</subfield>
    <subfield code="r">2024-08-21</subfield>
    <subfield code="t">1002333</subfield>
    <subfield code="y">BK</subfield>
  </datafield>
  <datafield tag="999" ind1=" " ind2=" ">
    <subfield code="c">1128646</subfield>
    <subfield code="d">1128703</subfield>
  </datafield>
</record>
